01566 am a2200361 a 450000500170000000800410001702000180005804100080007610000250008424500880010925000110019726000600020830000160026850001580028465300220044265300250046465300420048965300180053165300150054965300200056465300490058465300150063365300390064865301030068765300660079065300590085665300580091565300410097365300740101465300300108865300630111870000230118120240515084139.0100302s2011 ag il. f |||| 001 0 spa d a9789500602693 aspa1 aSolari, Alberto Juan aGenética Humana. bFundamentos y aplicaciones en medicina / cAlberto Juan Solari a4a ed. aBuenos Aires: bEditorial Médica Panamericana;c2011. a554 p.bil. aSolari, A. J. y Roubicek, M. (2011). Genética humana. Fundamentos y aplicaciones en medicina. (4a ed.). Buenos Aires : Editorial Médica Panamericana. aGenética humana aGenética molecular aMaterial genético: ADN y cromosomas aGenoma humano aMutación aHerencia humana aDeterminación sexual y cromosomas sexuales aLigamiento aMeiosis. Genética e infertilidad aEnfermedades de herencia multifactorial, enfermedades de origen complejo y otros tipos de herencia aGenética bioquímica. Errores congénitos del metabolismo aAnomalías genéticas de las proteinas estructurales aGenética del desarrollo embrionario y ciliopatías aCariotipo humano y cromosomopatías aAberraciones cromosómicas estructurales y síndrome del X frágil aGenética de los tumores aAspectos éticos, sociales y legales en genética humana1 aRoubicek, Martín